| 000 | 00510nam a22001697a 4500 | ||
|---|---|---|---|
| 005 | 20230617051740.0 | ||
| 008 | 230123b |||||||| |||| 00| 0 eng d | ||
| 020 | _a978-1-4496-3234-2 | ||
| 082 | _a333.7 W237 2014 | ||
| 100 |
_aWalther, John V. _eauthor |
||
| 245 |
_aEarth's natural resources / _cJohn V. Walther |
||
| 260 |
_aBurlington, MA: _bJohn & Bartlett Learning, _cc2014. |
||
| 300 |
_axxii, 428p.: _bill. |
||
| 504 | _aIncludes references and index | ||
| 541 | _e5731 | ||
| 650 | _aNatural resources | ||
| 999 |
_c617 _d617 |
||